Temas actuales del derecho penal internacional: contribuciones de América Latina, Alemania y España
Uloženo v:
| Hlavní autoři: | , , |
|---|---|
| Médium: | Kniha |
| Jazyk: | španělština |
| Vydáno: |
Montevideo
Fundación Konrad-Adenauer
2005
|
| Témata: | |
| Tagy: |
Přidat tag
Žádné tagy, Buďte první, kdo vytvoří štítek k tomuto záznamu!
|
MARC
| LEADER | 00000nam a2200000 a 4500 | ||
|---|---|---|---|
| 001 | UCK3533 | ||
| 003 | CL-VaPUC | ||
| 008 | 050429e20050000UY |||||||||||||||||spa|d | ||
| 020 | |a 997478686X | ||
| 082 | 0 | 4 | |a 341.77 |b AMB |2 21 |
| 100 | 0 | |a Ambos, Kai |e author |9 491603 | |
| 700 | 0 | |a Malarino, Ezequiel |e author |9 491604 | |
| 700 | 0 | |a Woischnik, Jan |e author |9 491605 | |
| 245 | 1 | 0 | |a Temas actuales del derecho penal internacional: contribuciones de América Latina, Alemania y España |
| 300 | |a 280 p | ||
| 942 | |c BK | ||
| 945 | |d 20050429 00:00:00 |a cmena | ||
| 260 | |a Montevideo |b Fundación Konrad-Adenauer |c 2005 | ||
| 600 | 0 | 7 | |a ESTATUTO DE ROMA |2 CL-VaPUC |9 491606 |
| 650 | 0 | |a Derecho penal internacional |9 371889 | |
| 650 | 0 | |a Ordenamiento jurídico |9 355371 | |
| 650 | 7 | |a CORTE PENAL INTERNACIONAL |2 CL-VaPUC |9 474594 | |
| 650 | 0 | |a Jurisprudencia |9 255952 | |
| 650 | 0 | |a Derechos humanos |9 223025 | |
| 583 | |a last modification |c 20050429 00:00:00 |k Rodrigo Vera | ||
| 999 | |c 312668 |d 312666 | ||
| 952 | |0 0 |1 0 |4 0 |6 341_770000000000000_AMB_2005 |7 0 |8 A |9 383291 |a BIBDER |b BIBDER |d 2019-11-21 |i 411258K |o 341.77 AMB 2005 |p 411258K |r 2023-01-25 |w 2019-11-21 |y BK |k DER | ||
| 952 | |0 0 |1 0 |4 0 |6 341_770000000000000_AMB_2005 |7 0 |8 A |9 383292 |a BIBDER |b BIBDER |d 2019-11-21 |i 4247825 |l 1 |o 341.77 AMB 2005 |p 4247825 |r 2023-10-26 |s 2023-10-23 |w 2019-11-21 |y BK |k DER | ||